[Event "Bundesliga 9697"]
[Site "Germany"]
[Date "1996.??.??"]
[Round "?.6"]
[White "Kraut, Rainer"]
[Black "Stolz, Mike"]
[Result "1-0"]
[WhiteElo "2455"]
[BlackElo "2300"]
[PlyCount "105"]
[EventDate "1996.10.12"]
[EventType "team-tourn"]
[EventRounds "15"]
[EventCountry "GER"]
[SourceTitle "GER-chT"]
[Source "ChessBase"]
[SourceDate "1999.07.01"]
[SourceVersion "1"]
[SourceVersionDate "1999.07.01"]
[SourceQuality "1"]
[WhiteTeam "Duisburg"]
[BlackTeam "Magdeburg"]
[WhiteTeamCountry "GER"]
[BlackTeamCountry "GER"]

1. e4 e6 2. d4 d5 3. Nc3 Bb4 4. e5 Ne7 5. a3 Bxc3+ 6. bxc3 c5 7. a4 Nbc6 8. Nf3 Qa5 9. Qd2 cxd4 10. cxd4 Qxd2+ 11. Bxd2 Nf5 12. Bc3 Bd7 13. Bd3 Rc8 14. Kd2 Rc7 15. Rhb1 f6 16. a5 Kf7 17. Ra3 Nfe7 18. Rab3 Bc8 19. Rb5 h6 20. Bb2 Ng6 21. Ba3 Rd7 22. Bd6 Nf4 23. Bf1 g5 24. c3 Ng6 25. Bd3 g4 26. Bxg6+ Kxg6 27. Nh4+ Kg5 28. g3 fxe5 29. dxe5 Rf7 30. Ke3 h5 31. Rc5 a6 32. f4+ gxf3 33. Nxf3+ Kh6 34. Nd4 Nxd4 35. cxd4 Rg8 36. Rcc1 Bd7 37. Rf1 Rxf1 38. Rxf1 h4 39. Rf7 hxg3 40. hxg3 Be8 41. Re7 Rxg3+ 42. Kf4 Rg8 43. Rxe6+ Kh5 44. Rxe8 Rxe8 45. Kf5 Kh6 46. Kf6 Rg8 47. e6 Rg6+ 48. Kf7 Rg7+ 49. Kf8 Rg6 50. e7 Rf6+ 51. Kg8 Rxd6 52. e8Q Rg6+ 53. Kf7 1-0

[Event "Bundesliga 9495"]
[Site "Germany"]
[Date "1995.??.??"]
[Round "?.3"]
[White "Kraut, Rainer"]
[Black "Hoffmann, Michael"]
[Result "1/2-1/2"]
[WhiteElo "2420"]
[BlackElo "2475"]
[PlyCount "40"]
[EventDate "1994.10.08"]
[EventType "team-tourn"]
[EventRounds "15"]
[EventCountry "GER"]
[SourceTitle "GER-chT"]
[Source "ChessBase"]
[SourceDate "1999.07.01"]
[SourceVersion "1"]
[SourceVersionDate "1999.07.01"]
[SourceQuality "1"]
[WhiteTeam "Tuebingen"]
[BlackTeam "Castrop Rauxel"]
[WhiteTeamCountry "GER"]
[BlackTeamCountry "GER"]

1. e4 c5 2. Nf3 e6 3. c3 d5 4. exd5 exd5 5. d4 Nc6 6. Bb5 Bd6 7. dxc5 Bxc5 8. 0-0 Nge7 9. Nbd2 0-0 10. Nb3 Bd6 11. Bg5 Bg4 12. Be2 h6 13. Bh4 Re8 14. Re1 a5 15. a4 Qb6 16. Nfd4 Bxe2 17. Rxe2 Nxd4 18. Nxd4 Bc5 19. Bxe7 Bxe7 20. Qe1 Kf8 1/2-1/2